000 00312nam a2200121 a 4500
005 20260222125203.0
008 260221s2026##################000#0#eng##
020 _a9780521646444
082 0 4 _a336.2
_bSLE
100 _aSlemrod Joel
245 1 0 _aTax Policy in the Real World
_c\ Joel Slemrod
942 _cENGLISH
999 _c614954
_d614954